'E' CITIES BY PICTURE - Statistics

General Stats
  • This quiz has been taken 19 times
  • The average score is 4 of 10
Answer Stats
Picture Answer % Correct
Edinburgh
88%
Edmonton
65%
Esfahan
59%
Erbil
41%
Erfurt
35%
Essen
24%
Exeter
24%
Ekaterinburg
12%
Enschede
6%
East Lansing
0%
No matching quizzes found
Score Distribution
Percent of People with Each Score
Percentile by Number Answered
Your Score History
You have not taken this quiz